000 00753nam a2200193Ii 4500
003 JO-AjNU
008 230605s9999||||xx |||||||||||||| ||und||
040 _aJO-AjNU
_bara
_erda
_cJO-AjNU
041 _aara
050 1 4 _aHF5415.2008
100 3 _aالعارف،نادية ابو الوفا/محمد عبد العظيم ابو النجا/امنية مختار ياقوت,
_eauthor
_932542
245 0 0 _aالتسويق في الالفية الثالثة
264 3 1 _aالاسكندرية:الدار الجامعية؛2008
300 _a363ص
_bيحتوي على ببلوغرافية من ص361-363ص
336 _atext
_btxt
_2rdacontent
337 _aunmediated
_bn
_2rdamedia
338 _avolume
_bnc
_2rdacarrier
650 4 _aالتسويق
_932543
999 _aA13149
_c16717
_d16717